Top Baby Names in Australia 2013 - Statistics

General Stats
  • This quiz has been taken 1,115 times
  • The average score is 10 of 20
Answer Stats
Rank No. of Births Hint Boy Name % Correct
1 1903 W William
93%
3 1695 O Oliver
77%
8 1465 J James
72%
2 1901 J Jack
70%
3 1629 O Olivia
69%
6 1520 T Thomas
67%
4 1682 E Ethan
60%
5 1560 E Emily
54%
10 1390 I Isabella
50%
1 1777 C Charlotte
48%
5 1675 N Noah
45%
7 1496 L Lucas
41%
8 1499 M Mia
41%
9 1445 A Ava
40%
4 1585 C Chloe
40%
6 1550 S Sophie
39%
7 1508 A Amelia
38%
2 1713 R Ruby
26%
10 1408 L Lachlan
20%
9 1443 C Cooper
9%
No matching quizzes found
Score Distribution
Percent of People with Each Score
Percentile by Number Answered
Your Score History
You have not taken this quiz